[Event "Ordu op 2nd"]
[Site "Ordu"]
[Date "2016.04.14"]
[Round "1"]
[White "Matsenko, Sergei"]
[Black "Ozturk, Ali"]
[Result "1-0"]
[WhiteElo "2537"]
[BlackElo "1673"]
[PlyCount "79"]
[EventDate "2016.04.14"]
[EventType "swiss"]
[EventRounds "7"]
[EventCountry "TUR"]
[SourceTitle "CBM 171 Extra"]
[Source "ChessBase"]
[SourceDate "2016.04.26"]
[SourceVersion "1"]
[SourceVersionDate "2016.04.26"]
[SourceQuality "1"]

1. e4 c5 2. Nf3 d6 3. d4 cxd4 4. Qxd4 Nc6 5. Bb5 Bd7 6. Bxc6 Bxc6 7. Nc3 Nf6 8. Bg5 e6 9. 0-0-0 Be7 10. Qd3 0-0 11. Nd4 Rc8 12. f4 a6 13. Kb1 b5 14. Bxf6 Bxf6 15. Nce2 Qc7 16. g4 Rfd8 17. g5 Be7 18. h4 e5 19. Nxc6 Qxc6 20. Nc3 Qc4 21. Nd5 Bf8 22. f5 Qxd3 23. cxd3 Rc5 24. b4 Rc6 25. Rc1 Rdc8 26. Rxc6 Rxc6 27. Rc1 Rxc1+ 28. Kxc1 h6 29. Kd2 Kh7 30. Ke2 hxg5 31. hxg5 f6 32. g6+ Kh6 33. Kf3 Kg5 34. Kg3 Kh5 35. a3 Kg5 36. Nc7 Be7 37. Ne6+ Kh6 38. Kh4 d5 39. exd5 Bd6 40. Nd8 1-0

[Event "Manavgat Turkey Cup"]
[Site "Manavgat"]
[Date "2016.02.05"]
[Round "10"]
[White "Ozturk, Ali"]
[Black "Gokcen, Fatih"]
[Result "0-1"]
[WhiteElo "1710"]
[BlackElo "1781"]
[PlyCount "74"]
[EventDate "2016.01.30"]
[EventType "swiss"]
[EventRounds "11"]
[EventCountry "TUR"]
[SourceTitle "CBM 170 Extra"]
[Source "ChessBase"]
[SourceDate "2016.02.25"]
[SourceVersion "1"]
[SourceVersionDate "2016.02.25"]
[SourceQuality "1"]

1. d4 Nf6 2. Nf3 c5 3. d5 d6 4. c4 g6 5. Nc3 Bg7 6. e4 Bg4 7. Be2 Bxf3 8. Bxf3 Nbd7 9. 0-0 0-0 10. Be3 a6 11. Qd2 Re8 12. Be2 Ne5 13. h3 Qc8 14. f4 Ned7 15. Rad1 Rb8 16. Kh1 b5 17. cxb5 axb5 18. Bf3 Nb6 19. b3 b4 20. Ne2 Nfd7 21. Rc1 Qa6 22. e5 Ra8 23. e6 Nf8 24. exf7+ Kxf7 25. f5 Qxa2 26. fxg6+ hxg6 27. Rc2 Qxb3 28. Bh6 Bf6 29. Be4 Ra1 30. Rcc1 Rxc1 31. Qxc1 Qc4 32. Ng3 Qxc1 33. Rxc1 Kg8 34. Bf3 c4 35. Be3 Nfd7 36. Ne2 b3 37. Nd4 Nc5 0-1

[Event "Manavgat Turkey Cup"]
[Site "Manavgat"]
[Date "2016.02.01"]
[Round "4"]
[White "Ozturk, Ali"]
[Black "Demir, Hilmi Mustafa"]
[Result "0-1"]
[WhiteElo "1710"]
[BlackElo "1823"]
[PlyCount "56"]
[EventDate "2016.01.30"]
[EventType "swiss"]
[EventRounds "11"]
[EventCountry "TUR"]
[SourceTitle "CBM 170 Extra"]
[Source "ChessBase"]
[SourceDate "2016.02.25"]
[SourceVersion "1"]
[SourceVersionDate "2016.02.25"]
[SourceQuality "1"]

1. d4 Nf6 2. c4 c5 3. d5 b5 4. cxb5 a6 5. e3 axb5 6. Bxb5 Qa5+ 7. Nc3 Bb7 8. Bd2 Qb6 9. Bc4 e6 10. e4 Nxe4 11. dxe6 fxe6 12. Nxe4 Bxe4 13. f3 Bg6 14. Bb3 Be7 15. Ne2 0-0 16. Bc3 Bf7 17. 0-0 Nc6 18. Kh1 d5 19. a3 Rab8 20. Ba4 d4 21. Be1 e5 22. Ng3 Bd5 23. Bf2 Qxb2 24. Bg1 Bb3 25. Bxb3+ Qxb3 26. Qe2 Qd5 27. Rfc1 Na5 28. Qa2 Rb3 0-1

[Event "Manavgat Turkey Cup"]
[Site "Manavgat"]
[Date "2016.01.31"]
[Round "2"]
[White "Ozturk, Ali"]
[Black "Unsac, Yucel"]
[Result "1/2-1/2"]
[WhiteElo "1710"]
[BlackElo "1265"]
[PlyCount "89"]
[EventDate "2016.01.30"]
[EventType "swiss"]
[EventRounds "11"]
[EventCountry "TUR"]
[SourceTitle "CBM 170 Extra"]
[Source "ChessBase"]
[SourceDate "2016.02.25"]
[SourceVersion "1"]
[SourceVersionDate "2016.02.25"]
[SourceQuality "1"]

1. Nf3 d5 2. c4 c6 3. d4 e6 4. Nc3 Nf6 5. e3 Nbd7 6. Qc2 dxc4 7. Bxc4 b5 8. Bd3 a6 9. 0-0 Bb7 10. e4 c5 11. e5 c4 12. Be2 Nd5 13. Bg5 Be7 14. Ne4 Nb4 15. Qb1 Bxe4 16. Qxe4 Bxg5 17. Nxg5 h6 18. Nxe6 fxe6 19. Bh5+ Ke7 20. f4 Nf8 21. f5 exf5 22. Qxf5 Qxd4+ 23. Kh1 Qd5 24. Bf3 Qf7 25. Qxf7+ Kxf7 26. Bxa8+ Ke6 27. a3 Nd3 28. Bb7 Nc5 29. Bf3 Nd3 30. Rad1 Ng6 31. b3 Ngxe5 32. Be4 Rd8 33. Bf5+ Ke7 34. Rd2 g6 35. Bxd3 Rxd3 36. Rxd3 Nxd3 37. Rf3 g5 38. Kg1 Kd6 39. bxc4 bxc4 40. Kf1 Ke5 41. g3 g4 42. Re3+ Kd4 43. Ke2 Nc1+ 44. Kd2 Nb3+ 45. Ke2 1/2-1/2